Rozpory nad pripravovanou regionálnou mapou Slovenska Územnosprávne členenie SR
Vládny (vlády V. Mečiara) návrh územnosprávneho členenia Slovenska. Odmietavá reakcia okolo 3000 účastníkov zhromaždenia primátorov, starostov a poslancov 8.1.1994 v Komárne. Dôvod: sídelná oblasť maďarského spoločenstva by sa rozdelila do 5 celkov. Maďarská menšina sa obáva asimilácie, vláda vyžadu...
Salvato in:
| Autore principale: | |
|---|---|
| Natura: | Capitolo di libro |
| Lingua: | slovacco |
| Soggetti: | |
| Tags: |
Nessun Tag, puoi essere il primo ad aggiungerne!!
|
MARC
| LEADER | 00000naa a2200000 4500 | ||
|---|---|---|---|
| 001 | r000425 | ||
| 005 | 20221205091312.0 | ||
| 041 | 0 | |a slo | |
| 044 | |a SK | ||
| 245 | 1 | 0 | |a Rozpory nad pripravovanou regionálnou mapou Slovenska |b Územnosprávne členenie SR |c J. Dorotková |
| 520 | |a Vládny (vlády V. Mečiara) návrh územnosprávneho členenia Slovenska. Odmietavá reakcia okolo 3000 účastníkov zhromaždenia primátorov, starostov a poslancov 8.1.1994 v Komárne. Dôvod: sídelná oblasť maďarského spoločenstva by sa rozdelila do 5 celkov. Maďarská menšina sa obáva asimilácie, vláda vyžaduje vybilancované celky. Navrhovaný presun pôsobnosti hospodárskeho riadenia z orgánov štátu na samosprávu miest a obcí a regionálnu samosprávu, obsah ich právomocí a zodpovednosti. | ||
| 610 | 2 | 0 | |a Slovensko |
| 610 | 2 | 0 | |a štát |
| 610 | 2 | 0 | |a správa miestna |
| 610 | 2 | 0 | |a správa štátna |
| 610 | 2 | 0 | |a regióny |
| 610 | 2 | 0 | |a okresy |
| 610 | 2 | 0 | |a samospráva |
| 610 | 2 | 0 | |a národnosti |
| 610 | 2 | 0 | |a hnutie národnostné |
| 610 | 2 | 0 | |a južné Slovensko |
| 610 | 2 | 0 | |a štát |
| 100 | 1 | |a Dorotková, J. | |